00713nam a2200229 a 4500001001300000003000900013005001700022008004100039020001000080082001600090100003000106245008000136260004100216300000900257500003500266505002200301650002300323902000800346942000700354952010700361999001500468nice12345678IN_TiNIC20260116011458.0050524s1935 tela grp 000 0 eng  ac10000a181.07bBAG aAl-Baghdadi, Abd-Al-Khair aAl-Fark Bain Al-Firakb Being the History of the Various Philosophical Syst aTel-AvivbPalestine Publishingc1935 a259p aincludes index and biblioraphy2 aerrata et addenda aPhilosophy-Islamic bSRS cBK 00104070aHMIbHMId2007-07-31g100.00l1o181.07 BAGp1201r2020-03-11s2020-02-26w2026-01-16yEB c1902d1902